[Event "COL-ch U20"]
[Site "Tolima"]
[Date "2020.02.13"]
[Round "2"]
[White "Aguiar Oyuela, Luis Alejandro"]
[Black "Ruiz Orozco, Neider Santiago"]
[Result "0-1"]
[WhiteElo "1127"]
[BlackElo "1360"]
[PlyCount "62"]
[EventDate "2020.02.12"]
[EventType "swiss"]
[EventRounds "7"]
[EventCountry "COL"]
[SourceTitle "CBM 195 Extra"]
[Source "ChessBase"]
[SourceDate "2020.05.31"]
[SourceVersion "1"]
[SourceVersionDate "2020.05.31"]
[SourceQuality "1"]

1. e4 c5 2. d4 cxd4 3. c3 Nf6 4. e5 Nd5 5. cxd4 e6 6. Nf3 d6 7. Bc4 Nb6 8. Bb3 Nc6 9. 0-0 Be7 10. Bf4 d5 11. Nc3 0-0 12. Qe2 Re8 13. Rad1 a6 14. h3 Bd7 15. Rfe1 Bf8 16. Bg5 Qc7 17. Qd3 Nc8 18. Bc2 g6 19. Bf6 Nb4 20. Qd2 Nxc2 21. Qxc2 Bg7 22. Qd2 Ne7 23. Nh4 Kf8 24. Qg5 Ng8 25. Qf4 Bxf6 26. Re3 Bg7 27. Rf3 Re7 28. Rc1 Bh6 29. Nxd5 Qxc1+ 30. Qxc1 Bxc1 31. Nxe7 Kxe7 0-1

[Event "COL-ch"]
[Site "Bogota"]
[Date "2018.11.11"]
[Round "8"]
[White "Ruiz Orozco, Neider Santiago"]
[Black "Palomares Valencia, Daniel Felipe"]
[Result "0-1"]
[WhiteElo "1250"]
[BlackElo "1783"]
[PlyCount "86"]
[EventDate "2018.11.06"]
[EventType "swiss"]
[EventRounds "9"]
[EventCountry "COL"]
[SourceTitle "CBM 187 Extra"]
[Source "ChessBase"]
[SourceDate "2018.11.04"]
[SourceVersion "1"]
[SourceVersionDate "2018.11.04"]
[SourceQuality "1"]

1. e4 c5 2. Nf3 g6 3. Bc4 Bg7 4. d3 Nc6 5. Nc3 Nf6 6. Be3 d6 7. Qd2 Ng4 8. 0-0 Nxe3 9. fxe3 0-0 10. Qf2 e6 11. Qg3 a6 12. Rf2 Ne5 13. Bb3 b5 14. Nxe5 Bxe5 15. Qf3 Qc7 16. g3 Bd7 17. a3 c4 18. dxc4 Bxc3 19. bxc3 bxc4 20. Ba2 f5 21. exf5 gxf5 22. Qf4 Rac8 23. Raf1 Rf7 24. h3 d5 25. Qxc7 Rxc7 26. g4 Bc8 27. gxf5 Rxf5 28. Rg2+ Rg7 29. Rxg7+ Kxg7 30. Rxf5 exf5 31. Kf2 Kf6 32. Kg3 Ke5 33. Kf3 Be6 34. Bb1 Bf7 35. h4 Bh5+ 36. Kg3 Ke4 37. Kf2 Bd1 38. Ke1 Kxe3 39. Kxd1 Kf2 40. Kd2 f4 41. Ba2 f3 42. Kd1 Kg2 43. Kd2 f2 0-1

[Event "COL-chT"]
[Site "Ibague"]
[Date "2018.10.11"]
[Round "1.2"]
[White "Ruiz Orozco, Neider Santiago"]
[Black "Toro Castaneda, Miguel Angel"]
[Result "0-1"]
[WhiteElo "1192"]
[BlackElo "1799"]
[PlyCount "60"]
[EventDate "2018.10.11"]
[EventType "team-swiss"]
[EventRounds "6"]
[EventCountry "COL"]
[SourceTitle "CBM 186 Extra"]
[Source "ChessBase"]
[SourceDate "2018.08.24"]
[SourceVersion "1"]
[SourceVersionDate "2018.08.24"]
[SourceQuality "1"]
[WhiteTeam "Tolima II"]
[BlackTeam "Antioquia II"]
[WhiteTeamCountry "COL"]
[BlackTeamCountry "COL"]

1. e4 c5 2. c3 d5 3. Bb5+ Bd7 4. Qa4 dxe4 5. Bxd7+ Qxd7 6. Qxe4 Nf6 7. Qe2 Nc6 8. Nf3 e6 9. d3 Rd8 10. Bg5 Be7 11. Kd2 0-0 12. Rd1 Rfe8 13. Ke1 e5 14. Na3 Qg4 15. Kf1 Nd5 16. Bxe7 Nf4 17. Qe4 Qxg2+ 18. Ke1 Rxe7 19. Nc2 Nxd3+ 20. Rxd3 Rxd3 21. Qxd3 e4 22. Qf1 exf3+ 23. Ne3 Qxh2 24. Rd1 g6 25. Kd2 Ne5 26. Kc1 c4 27. Nd5 Re6 28. Nb4 a5 29. Nc2 Nd3+ 30. Kb1 Re2 0-1